000 01971cam a2200289 4500
001 ##L136743
008 070221n2007 000 0 eng u
020 _a9780110757896
035 _a(Sirsi) u136743
041 0 _aeng
050 0 4 _a690.22 $2 18
110 1 _aUnited Kingdom
_kLaws, etc
_95044
245 0 4 _aThe Construction (Design and Management) Regulations 2007
_h[electronic resource]
260 _aLondon
_bTSO
_c2007
490 0 _aSI
_v2007: 320
520 _aImplement in Great Britain the requirements of Directive 92/57/EEC regarding minimum health and safety on construction sites. Revoke and replace the Construction (Design and Management) Regulations 1994 (Parts II and III) and revoke and re-enact, with modifications, the Construction (Health, Safety and Welfare) Regulations 1996 (Part IV). Key changes introduced by Parts II and III of the 2007 Regulations include: the replacement of planning supervisor with CDM co-ordinator(Regs 20 and 21); a construction phase plan prepared by the principal contractor to replace the planning supervisor's health and safety plan (Reg 3); duties of the client and appointed dutyholders to arise at notification of a construction project (Regs 14 to 24); and all dutyholders to co-ordinate their activities to ensure the health and safety of persons carrying out or affected by the construction work (Reg 6). Come into force 6 April 2007.
590 _aKA NTK
650 2 4 _aCONSTRUCTION (DESIGN AND MANAGEMENT) REGULATIONS 2007
650 2 4 _aDIRECTIVE 92/57/EEC
650 2 4 _aCONSTRUCTION (HEALTH, SAFETY AND WELFARE) REGULATIONS 1996
650 2 4 _aCONSTRUCTION (DESIGN AND MANAGEMENT) REGULATIONS 1994
651 4 _aGREAT BRITAIN
690 _aBUILT ENVIRONMENT-CONSTRUCTION MANAGEMENT-CONSTRUCTION DESIGN AND MANAGEMENT
690 _aHealth and safety
_96244
856 4 0 _uhttps://www.opsi.gov.uk/si/si2007/20070320.htm
_zView the Regulations free of charge at www.opsi.gov.uk...
942 _n0
999 _c106495
_d106495